[Event "Sydney International Open"]
[Site "Parramatta, NSW, Australia"]
[Date "2008.03.26"]
[Round "2.7"]
[White "Dilla, Edsil"]
[Black "Antonio, Rogelio"]
[Result "0-1"]
[WhiteElo "2153"]
[BlackElo "2529"]
[Annotator "www.chessaustralia.com.au"]
[PlyCount "52"]
[EventDate "2008.03.27"]
[EventType "game"]
[EventRounds "9"]
[EventCountry "AUS"]
[Source "ACE"]

1. d4 Nf6 2. c4 e6 3. Nc3 Bb4 4. e3 c5 5. Nf3 cxd4 6. exd4 d5 7. Bd3 dxc4 8.
Bxc4 O-O 9. O-O Nbd7 10. Qd3 b6 11. Bg5 Bb7 12. Bb3 Nc5 13. Qe3 Nxb3 14. axb3
Be7 15. Rfe1 a6 16. Rad1 Nd5 17. Qe5 Re8 18. Qg3 Qd6 19. Qxd6 Bxd6 20. Ne5 Bc7
21. Bc1 Rad8 22. f3 Nb4 23. Re2 f6 24. Nc4 b5 25. Na3 Bb6 26. Be3 Nd5 0-1

[Event "Sydney International Open"]
[Site "Parramatta, NSW, Australia"]
[Date "2008.03.26"]
[Round "2.8"]
[White "Zhao, Zong-Yuan"]
[Black "Perena, Catherine"]
[Result "1-0"]
[WhiteElo "2487"]
[BlackElo "2234"]
[Annotator "www.chessaustralia.com.au"]
[PlyCount "47"]
[EventDate "2008.03.27"]
[EventType "game"]
[EventRounds "9"]
[EventCountry "AUS"]
[Source "ACE"]

1. c4 c6 2. e4 d5 3. exd5 cxd5 4. cxd5 Qxd5 5. Nc3 Qa5 6. Nf3 Nf6 7. Bc4 e6 8.
O-O Be7 9. d4 O-O 10. a3 Qc7 11. Qe2 a6 12. Bg5 Nc6 13. Rfd1 Bd7 14. d5 Nd8 15.
Ne5 b5 16. Nxd7 Qxd7 17. dxe6 Qa7 18. Bxf6 Bxf6 19. Rd7 Qc5 20. Bd5 Nc6 21. Ne4
Qd4 22. Bxc6 Qxb2 23. Qxb2 Bxb2 24. Ra2 1-0

[Event "Sydney International Open"]
[Site "Parramatta, NSW, Australia"]
[Date "2008.03.26"]
[Round "2.9"]
[White "Manon-Og, Ramon Jr"]
[Black "Antic, Dejan"]
[Result "0-1"]
[WhiteElo "2144"]
[BlackElo "2480"]
[Annotator "www.chessaustralia.com.au"]
[PlyCount "62"]
[EventDate "2008.03.27"]
[EventType "game"]
[EventRounds "9"]
[EventCountry "AUS"]
[Source "ACE"]

1. d4 Nf6 2. c4 g6 3. Nc3 Bg7 4. e4 d6 5. Nf3 O-O 6. h3 Qe8 7. Bg5 e5 8. dxe5
dxe5 9. Be2 Na6 10. O-O Nc5 11. Qc2 c6 12. Rad1 Qe7 13. Be3 Nh5 14. Ne1 Nf4 15.
Nd3 Nce6 16. Bf3 Ng5 17. Bg4 Bxg4 18. hxg4 Qe6 19. Nxf4 exf4 20. Bxf4 Qxg4 21.
Bxg5 Qxg5 22. Rd7 b6 23. Rfd1 h5 24. Ne2 Qe5 25. Nc3 a5 26. Qd2 a4 27. Qe3 a3
28. Qxb6 axb2 29. Nb1 Qxe4 30. Qc7 Qxc4 31. a3 Rae8 0-1

[Event "Sydney International Open"]
[Site "Parramatta, NSW, Australia"]
[Date "2008.03.26"]
[Round "2.10"]
[White "Johansen, Darryl"]
[Black "Stojic, Dusan"]
[Result "1-0"]
[WhiteElo "2475"]
[BlackElo "2155"]
[Annotator "www.chessaustralia.com.au"]
[PlyCount "51"]
[EventDate "2008.03.27"]
[EventType "game"]
[EventRounds "9"]
[EventCountry "AUS"]
[Source "ACE"]

1. d4 Nf6 2. Nf3 g6 3. Bg5 Bg7 4. Nbd2 O-O 5. c3 d6 6. e4 Nbd7 7. Bd3 e5 8. O-O
h6 9. Bh4 Qe8 10. Re1 Nh5 11. Nc4 Nb6 12. dxe5 Nxc4 13. Bxc4 dxe5 14. Qb3 Bf6
15. Bxf6 Nxf6 16. a4 Qe7 17. h3 Nh5 18. Qb5 Re8 19. a5 c6 20. Qb4 c5 21. Qb5
Bd7 22. Qxb7 Rab8 23. Qxa7 Ra8 24. Qb6 Rab8 25. Qxg6+ Ng7 26. Qxh6 1-0

[Event "Sydney International Open"]
[Site "Parramatta, NSW, Australia"]
[Date "2008.03.26"]
[Round "3.1"]
[White "Kizov, Atanas"]
[Black "Zhang, Zhong"]
[Result "0-1"]
[WhiteElo "2398"]
[BlackElo "2617"]
[Annotator "www.chessaustralia.com.au"]
[PlyCount "62"]
[EventDate "2008.03.27"]
[EventType "game"]
[EventRounds "9"]
[EventCountry "AUS"]
[Source "ACE"]

1. d4 f5 2. g3 Nf6 3. Bg2 g6 4. Nf3 Bg7 5. O-O O-O 6. Nbd2 d6 7. c3 Nc6 8. b4
a6 9. Qb3+ e6 10. Re1 d5 11. c4 Ne4 12. e3 g5 13. b5 Na5 14. Qb4 axb5 15. cxb5
c5 16. bxc6 Nxc6 17. Qb3 g4 18. Nh4 Qa5 19. Re2 Ng5 20. Bb2 Bd7 21. Bc3 Qc7 22.
Rc1 Qd6 23. Bb2 b5 24. Bc3 Ra3 25. Qb1 b4 26. Bb2 Ra7 27. Rc2 Rfa8 28. Bc1 Na5
29. Bb2 Bf8 30. Nb3 Nxb3 31. axb3 Ra6 0-1

[Event "Sydney International Open"]
[Site "Parramatta, NSW, Australia"]
[Date "2008.03.26"]
[Round "3.2"]
[White "Malakhatko, Vadim"]
[Black "Bitansky, Igor"]
[Result "1-0"]
[WhiteElo "2600"]
[BlackElo "2424"]
[Annotator "www.chessaustralia.com.au"]
[PlyCount "61"]
[EventDate "2008.03.27"]
[EventType "game"]
[EventRounds "9"]
[EventCountry "AUS"]
[Source "ACE"]

1. d4 Nf6 2. Nf3 g6 3. c3 Bg7 4. Bg5 O-O 5. Nbd2 d6 6. e4 b6 7. Bd3 c5 8. O-O
h6 9. Bh4 Nh5 10. Re1 Nf4 11. Bf1 Nc6 12. d5 Ne5 13. Nxe5 Bxe5 14. Nc4 g5 15.
Nxe5 dxe5 16. Bg3 Qd6 17. f3 Kh8 18. Qd2 Rg8 19. Kh1 h5 20. Bf2 Bd7 21. Be3 h4
22. b4 cxb4 23. cxb4 Rg7 24. a4 Rag8 25. h3 f5 26. exf5 Bxf5 27. Qb2 Nxd5 28.
Bg1 Nxb4 29. Red1 Bd3 30. Bh2 g4 31. fxg4 1-0

[Event "Sydney International Open"]
[Site "Parramatta, NSW, Australia"]
[Date "2008.03.26"]
[Round "3.4"]
[White "Ganguly, Surya Shekhar"]
[Black "Reprintsev, Alexander"]
[Result "1-0"]
[WhiteElo "2579"]
[BlackElo "2406"]
[Annotator "www.chessaustralia.com.au"]
[PlyCount "63"]
[EventDate "2008.03.27"]
[EventType "game"]
[EventRounds "9"]
[EventCountry "AUS"]
[Source "ACE"]

1. e4 d5 2. exd5 Qxd5 3. Nc3 Qa5 4. d4 Nf6 5. Bc4 Bg4 6. f3 Be6 7. Bxe6 fxe6 8.
f4 Nc6 9. Nf3 O-O-O 10. O-O g6 11. Ne2 Bh6 12. c3 Rhf8 13. Ne5 Qa6 14. Qd3 Qxd3
15. Nxd3 Ne4 16. Rf3 Nd6 17. Nc5 Rf6 18. Rh3 b6 19. Nd3 Bf8 20. Rxh7 Na5 21. b3
c5 22. Bb2 Nc6 23. Ne5 Kb7 24. dxc5 Nxe5 25. cxd6 Rf7 26. Rxf7 Nxf7 27. Nd4
Rxd6 28. Ba3 Rd5 29. Nxe6 Bh6 30. Bxe7 Rd3 31. Re1 Rxc3 32. g4 1-0

[Event "Sydney International Open"]
[Site "Parramatta, NSW, Australia"]
[Date "2008.03.26"]
[Round "3.5"]
[White "Zozulia, Anna"]
[Black "Jones, Gawain"]
[Result "1/2-1/2"]
[WhiteElo "2344"]
[BlackElo "2562"]
[Annotator "www.chessaustralia.com.au"]
[PlyCount "49"]
[EventDate "2008.03.27"]
[EventType "game"]
[EventRounds "9"]
[EventCountry "AUS"]
[Source "ACE"]

1. e4 e5 2. Nf3 Nc6 3. Bb5 a6 4. Ba4 Nf6 5. O-O Be7 6. Re1 b5 7. Bb3 d6 8. c3
O-O 9. h3 Na5 10. Bc2 d5 11. d4 dxe4 12. Nxe5 c5 13. Bg5 Bb7 14. Bxf6 Bxf6 15.
Bxe4 Bxe4 16. Rxe4 Qd5 17. Qe2 g6 18. Nd2 cxd4 19. cxd4 Bg7 20. Ndf3 Rfe8 21.
Re1 Rec8 22. b3 Nb7 23. Qd2 Nd6 24. R4e2 Nf5 25. Ng4 1/2-1/2

[Event "Sydney International Open"]
[Site "Parramatta, NSW, Australia"]
[Date "2008.03.26"]
[Round "3.7"]
[White "Antonio, Rogelio"]
[Black "Metz, Hartmut"]
[Result "1-0"]
[WhiteElo "2529"]
[BlackElo "2335"]
[Annotator "www.chessaustralia.com.au"]
[PlyCount "87"]
[EventDate "2008.03.27"]
[EventType "game"]
[EventRounds "9"]
[EventCountry "AUS"]
[Source "ACE"]

1. e4 c6 2. c4 d5 3. exd5 cxd5 4. cxd5 Nf6 5. Nc3 Nxd5 6. Nf3 Nc6 7. Bb5 Nc7 8.
Ba4 e6 9. d4 Bb4 10. O-O O-O 11. a3 Bd6 12. Ne4 Be7 13. Qd3 Nd5 14. Bd2 Bd7 15.
Bc2 g6 16. b4 a6 17. Bb3 Nb8 18. Rfe1 Bb5 19. Qc2 Nd7 20. Qa2 N7f6 21. Neg5 Qb6
22. Qb2 Rfc8 23. Nxf7 Kxf7 24. Ng5+ Kg7 25. Rxe6 Rc6 26. Rxe7+ Nxe7 27. d5 Rd6
28. Be3 Qd8 29. Ne6+ Rxe6 30. dxe6 Nf5 31. Rd1 Qe8 32. Bg5 Qe7 33. g4 Nh6 34.
Bxh6+ Kxh6 35. g5+ Kg7 36. Rd4 h6 37. h4 Nd5 38. Rxd5+ Kh7 39. Qf6 Re8 40.
Qxe7+ Rxe7 41. Rd8 hxg5 42. hxg5 Kg7 43. Bd5 Rc7 44. Kg2 1-0

[Event "Sydney International Open"]
[Site "Parramatta, NSW, Australia"]
[Date "2008.03.26"]
[Round "3.8"]
[White "Smith, Robert"]
[Black "Zhao, Zong-Yuan"]
[Result "0-1"]
[WhiteElo "2333"]
[BlackElo "2487"]
[Annotator "www.chessaustralia.com.au"]
[PlyCount "96"]
[EventDate "2008.03.27"]
[EventType "game"]
[EventRounds "9"]
[EventCountry "AUS"]
[Source "ACE"]

1. e4 c5 2. Nc3 g6 3. f4 Bg7 4. Nf3 Nc6 5. Bb5 Nd4 6. O-O Nxb5 7. Nxb5 d5 8.
exd5 a6 9. Nc3 Nf6 10. d4 c4 11. Qe2 b5 12. Re1 Bb7 13. f5 b4 14. Na4 Bxd5 15.
Nb6 Ra7 16. Nxc4 O-O 17. fxg6 hxg6 18. Nce5 Qc8 19. a3 Rc7 20. axb4 Rxc2 21.
Qxa6 Qf5 22. Qf1 Rfc8 23. Re2 Rxe2 24. Qxe2 Rc2 25. Qf1 Ng4 26. Nxg4 Qxg4 27.
Be3 Rxb2 28. b5 Bf6 29. Rc1 Be4 30. h3 Qd7 31. Qc4 Kg7 32. Qc7 Qxb5 33. Qf4 Bc6
34. Bf2 Bd5 35. Re1 Qd3 36. Qe3 Qf5 37. Bh4 Rb3 38. Bxf6+ exf6 39. Qd2 Bxf3 40.
Rf1 Rb1 41. gxf3 Rxf1+ 42. Kxf1 Qxf3+ 43. Kg1 Qg3+ 44. Qg2 Qxg2+ 45. Kxg2 f5
46. h4 Kf6 47. Kf3 Ke6 48. h5 gxh5 0-1

[Event "Sydney International Open"]
[Site "Parramatta, NSW, Australia"]
[Date "2008.03.26"]
[Round "3.9"]
[White "Antic, Dejan"]
[Black "Swiercz, Dariusz"]
[Result "0-1"]
[WhiteElo "2480"]
[BlackElo "2315"]
[Annotator "www.chessaustralia.com.au"]
[PlyCount "90"]
[EventDate "2008.03.27"]
[EventType "game"]
[EventRounds "9"]
[EventCountry "AUS"]
[Source "ACE"]

1. d4 f5 2. g3 Nf6 3. Bg2 g6 4. Nf3 Bg7 5. b3 d6 6. Bb2 O-O 7. Nbd2 Qe8 8. O-O
Nc6 9. Nc4 e6 10. Ne1 g5 11. Nd3 Qg6 12. e3 Bd7 13. b4 b5 14. Nd2 Rab8 15. a3
a5 16. Nb3 axb4 17. axb4 Nd5 18. Qd2 Nb6 19. Na5 Ne7 20. f3 Nc4 21. Nxc4 bxc4
22. Nf2 Nd5 23. c3 f4 24. Nd1 Qd3 25. Qxd3 cxd3 26. exf4 gxf4 27. Nf2 Ne3 28.
Rfb1 Bb5 29. gxf4 d2 30. Bh3 Rbe8 31. Ne4 d1=Q+ 32. Rxd1 Nxd1 33. Rxd1 Rxf4 34.
Ng5 Bc4 35. Re1 h6 36. Ne4 Rxf3 37. Bg2 Rff8 38. Nd2 Bd5 39. Bh3 e5 40. c4 Be6
41. Bxe6+ Rxe6 42. dxe5 Bxe5 43. Bxe5 Rxe5 44. Rxe5 dxe5 45. b5 Rf4 0-1

[Event "Sydney International Open"]
[Site "Parramatta, NSW, Australia"]
[Date "2008.03.26"]
[Round "3.10"]
[White "Rej, Tomek"]
[Black "Johansen, Darryl"]
[Result "1/2-1/2"]
[WhiteElo "2283"]
[BlackElo "2475"]
[Annotator "www.chessaustralia.com.au"]
[PlyCount "72"]
[EventDate "2008.03.27"]
[EventType "game"]
[EventRounds "9"]
[EventCountry "AUS"]
[Source "ACE"]

1. d4 e6 2. c4 Nf6 3. Nc3 Bb4 4. a3 Bxc3+ 5. bxc3 b6 6. e3 Bb7 7. Nf3 O-O 8.
Bd3 Ne4 9. Nd2 f5 10. O-O d6 11. f3 Nxd2 12. Bxd2 Nd7 13. Qe2 e5 14. e4 fxe4
15. fxe4 c5 16. d5 Qe7 17. Rf5 Nf6 18. Raf1 Bc8 19. Rg5 h6 20. Rg3 Kh8 21. h3
Bd7 22. Rgf3 Nh7 23. Qd1 Rxf3 24. Rxf3 Rf8 25. Be2 Rxf3 26. Bxf3 Ng5 27. Qe2
Nf7 28. Bg4 Nd8 29. Qf3 Kg8 30. Be1 Nb7 31. Bh4 Qxh4 32. Bxd7 Nd8 33. g3 Qe7
34. Bf5 Qf7 35. Qg4 Kf8 36. Bg6 Qf6 1/2-1/2

[Event "Sydney International Open"]
[Site "Parramatta, NSW, Australia"]
[Date "2008.03.27"]
[Round "4.2"]
[White "Zhao, Zong-Yuan"]
[Black "Malakhatko, Vadim"]
[Result "1-0"]
[WhiteElo "2487"]
[BlackElo "2600"]
[Annotator "www.chessaustralia.com.au"]
[PlyCount "87"]
[EventDate "2008.03.27"]
[EventType "game"]
[EventRounds "9"]
[EventCountry "AUS"]
[Source "ACE"]

1. d4 d5 2. c4 c6 3. Nc3 Nf6 4. e3 a6 5. Nf3 e6 6. b3 Bb4 7. Bd2 Nbd7 8. Bd3
O-O 9. O-O Qe7 10. Qc2 e5 11. dxe5 Nxe5 12. Nxe5 Qxe5 13. cxd5 cxd5 14. Ne2 Bd6
15. Ng3 Qg5 16. Bc3 Ng4 17. Be2 h5 18. Rfd1 h4 19. Nf1 h3 20. g3 Be6 21. Qd2
Rac8 22. f3 Nf6 23. Rac1 Ba3 24. Bb2 Bxb2 25. Qxb2 Nd7 26. Qd4 Qe7 27. b4 Nb8
28. a3 Nc6 29. Qb6 Ne5 30. Qd4 Rxc1 31. Rxc1 Nc4 32. Rc3 b5 33. Nd2 Rd8 34. Kf2
Ra8 35. Nb3 Nxa3 36. Rc5 Nc4 37. Qf4 Qd8 38. Nd4 Rc8 39. Bd3 Qe8 40. Nxe6 fxe6
41. Bg6 Qxg6 42. Rxc8+ Kh7 43. Qh4+ Qh6 44. Qxh6+ 1-0

[Event "Sydney International Open"]
[Site "Parramatta, NSW, Australia"]
[Date "2008.03.27"]
[Round "4.3"]
[White "Solomon, Stephen"]
[Black "Ganguly, Surya Shekhar"]
[Result "0-1"]
[WhiteElo "2468"]
[BlackElo "2579"]
[Annotator "www.chessaustralia.com.au"]
[PlyCount "116"]
[EventDate "2008.03.27"]
[EventType "game"]
[EventRounds "9"]
[EventCountry "AUS"]
[Source "ACE"]

1. e4 c5 2. Nf3 e6 3. d4 cxd4 4. Nxd4 Nf6 5. Nc3 d6 6. Be2 Be7 7. O-O O-O 8. f4
Nc6 9. Be3 a6 10. Qe1 Nxd4 11. Bxd4 b5 12. a3 Bb7 13. Qg3 g6 14. f5 e5 15. Be3
Nxe4 16. Nxe4 Bxe4 17. Bh6 Re8 18. Bf3 Bh4 19. Qh3 Bxf5 20. g4 e4 21. gxf5 exf3
22. Qxf3 Qf6 23. Be3 Qxf5 24. Qxf5 gxf5 25. Bd4 Re4 26. c3 f4 27. Kg2 f5 28.
Kf3 Kf7 29. Rad1 Rg8 30. Rd2 Rg6 31. a4 bxa4 32. Ra1 Ke6 33. Rxa4 Rg1 34. Bxg1
Rxa4 35. Bd4 Ra1 36. c4 Rc1 37. Bc3 Rf1+ 38. Kg2 Re1 39. Bb4 Re3 40. Rxd6+ Kf7
41. Rd1 f3+ 42. Kh3 Re4 43. Rd7+ Ke8 44. Rd3 f2 45. Rf3 Re1 46. Rxf5 f1=Q+ 47.
Rxf1 Rxf1 48. Kxh4 Rf4+ 49. Kg5 Rxc4 50. Bd6 Rc2 51. Be5 Kf7 52. h4 Rc5 53. Kf5
h5 54. Kf4 Ke6 55. Bh8 Rf5+ 56. Kg3 Kd5 57. Bg7 Ke4 58. Bh8 Rf8 0-1

[Event "Sydney International Open"]
[Site "Parramatta, NSW, Australia"]
[Date "2008.03.27"]
[Round "4.6"]
[White "Jones, Gawain"]
[Black "Wang, Puchen"]
[Result "1/2-1/2"]
[WhiteElo "2562"]
[BlackElo "2383"]
[Annotator "www.chessaustralia.com.au"]
[PlyCount "111"]
[EventDate "2008.03.27"]
[EventType "game"]
[EventRounds "9"]
[EventCountry "AUS"]
[Source "ACE"]

1. e4 c6 2. d4 d5 3. e5 c5 4. Nf3 Nc6 5. c4 e6 6. cxd5 exd5 7. Nc3 cxd4 8. Nxd4
Bc5 9. Nxc6 bxc6 10. Bd3 Ne7 11. O-O Bf5 12. Bg5 Bxd3 13. Qxd3 O-O 14. Na4 Bb6
15. Rac1 Rc8 16. Qa3 Re8 17. Nxb6 axb6 18. Qd6 Qc7 19. Bxe7 Qxe7 20. Rxc6 Rxc6
21. Qxc6 Qxe5 22. Qxb6 Rb8 23. Qc5 Qxb2 24. Qxd5 h6 25. g3 Qb4 26. Rc1 Re8 27.
Rc7 Qe1+ 28. Kg2 Qe4+ 29. Qxe4 Rxe4 30. Kf3 Ra4 31. Rc8+ Kh7 32. Rc2 Kg6 33.
Ke3 Kf5 34. Kd3 Ra8 35. h4 g5 36. hxg5 hxg5 37. Kc3 Ke4 38. Kb2 Rb8+ 39. Ka1 f5
40. Rc3 Ra8 41. Rb3 f4 42. Kb2 fxg3 43. fxg3 g4 44. a3 Ra7 45. Kc2 Kd4 46. Kd2
Ra8 47. Ke2 Kc4 48. Rb4+ Kc5 49. Rb3 Kc4 50. Rb4+ Kc5 51. Rxg4 Rxa3 52. Kf2 Kd5
53. Rf4 Ke6 54. Kg2 Ra7 55. Kf3 Rf7 56. Ke4 1/2-1/2

[Event "Sydney International Open"]
[Site "Parramatta, NSW, Australia"]
[Date "2008.03.27"]
[Round "4.7"]
[White "Mas, Hafizulhelmi"]
[Black "Chandler, Murray"]
[Result "0-1"]
[WhiteElo "2382"]
[BlackElo "2540"]
[Annotator "www.chessaustralia.com.au"]
[PlyCount "113"]
[EventDate "2008.03.27"]
[EventType "game"]
[EventRounds "9"]
[EventCountry "AUS"]
[Source "ACE"]

1. e4 c5 2. Nf3 d6 3. d4 Nf6 4. Nc3 cxd4 5. Nxd4 a6 6. Be2 e5 7. Nb3 Be7 8. Bg5
Be6 9. Bxf6 Bxf6 10. Qd3 Nc6 11. O-O-O Be7 12. Nd5 O-O 13. Kb1 a5 14. c3 a4 15.
Nd2 Bxd5 16. Qxd5 Ra5 17. Qc4 Qb6 18. Rhf1 Rd8 19. Nf3 Rda8 20. Rd5 Rxd5 21.
exd5 Nd8 22. Bd3 g6 23. Bc2 a3 24. b4 Bf6 25. g4 Bg7 26. h4 Qa7 27. h5 b5 28.
Qxb5 Qc7 29. hxg6 hxg6 30. Qe8+ Bf8 31. Rh1 Qe7 32. Qxe7 Bxe7 33. Be4 Nb7 34.
Kc2 Bd8 35. Rh2 Kg7 36. Kb3 Bb6 37. Nd2 Rf8 38. Nc4 Ba7 39. Nxa3 f5 40. gxf5
gxf5 41. Bc2 e4 42. Nb5 Bb6 43. a4 Kf6 44. a5 Bxa5 45. bxa5 Nxa5+ 46. Kb4 Nb7
47. Rh7 Rb8 48. c4 Ke5 49. Kc3 Nc5 50. Rh6 Rg8 51. Nxd6 Rg2 52. Nf7+ Kf4 53.
Rh4+ Kf3 54. Ne5+ Kxf2 55. Rf4+ Ke3 56. Rxf5 Rg3 57. Bd1 0-1

[Event "Sydney International Open"]
[Site "Parramatta, NSW, Australia"]
[Date "2008.03.27"]
[Round "4.8"]
[White "Johansen, Darryl"]
[Black "Fernandez, Daniel"]
[Result "1-0"]
[WhiteElo "2475"]
[BlackElo "2104"]
[Annotator "www.chessaustralia.com.au"]
[PlyCount "99"]
[EventDate "2008.03.27"]
[EventType "game"]
[EventRounds "9"]
[EventCountry "AUS"]
[Source "ACE"]

1. d4 Nf6 2. Nf3 e6 3. g3 c5 4. Bg2 Nc6 5. O-O cxd4 6. Nxd4 Bc5 7. Nb3 Be7 8.
c4 d5 9. cxd5 Nxd5 10. a3 O-O 11. e4 Nb6 12. Qe2 Qc7 13. Nc3 Ne5 14. Bf4 Qc4
15. Qc2 Qd3 16. Qc1 Ng6 17. Rd1 Qc4 18. Na5 Qc5 19. b4 Qh5 20. Bd6 e5 21. Qe3
Bg4 22. f3 Be6 23. Bxe7 Nxe7 24. Nxb7 Nc4 25. Qe2 Nc6 26. Nd5 Nb6 27. Ne3 Nd4
28. Qf2 Nc4 29. Nxc4 Bxc4 30. Nd6 Ba6 31. Nf5 Nxf5 32. g4 Qg5 33. exf5 g6 34.
Qd2 Qxd2 35. Rxd2 gxf5 36. gxf5 Rad8 37. Rad1 Rxd2 38. Rxd2 Bc8 39. f6 h6 40.
Rd5 Re8 41. Ra5 a6 42. Bf1 e4 43. fxe4 Rxe4 44. Bxa6 Rg4+ 45. Kf2 Be6 46. Ke3
Rg6 47. b5 Rxf6 48. b6 Bd7 49. b7 Rb6 50. Rd5 1-0

[Event "Sydney International Open"]
[Site "Parramatta, NSW, Australia"]
[Date "2008.03.27"]
[Round "4.9"]
[White "Bitansky, Igor"]
[Black "Rej, Tomek"]
[Result "1-0"]
[WhiteElo "2424"]
[BlackElo "2283"]
[Annotator "www.chessaustralia.com.au"]
[PlyCount "87"]
[EventDate "2008.03.27"]
[EventType "game"]
[EventRounds "9"]
[EventCountry "AUS"]
[Source "ACE"]

1. e4 e5 2. Nf3 Nc6 3. Bb5 a6 4. Ba4 Nf6 5. d3 b5 6. Bb3 Be7 7. a4 Bb7 8. O-O
O-O 9. Re1 d6 10. Nc3 Na7 11. Bd2 c5 12. Nd5 Nxd5 13. Bxd5 Nc6 14. c3 Qd7 15.
axb5 axb5 16. Qb3 Na5 17. Qc2 Bxd5 18. exd5 Qf5 19. b4 cxb4 20. cxb4 Nc4 21.
Qb3 Nb6 22. Ra5 Qd7 23. h3 Rac8 24. Be3 Na4 25. Ra7 Qd8 26. Bd2 Bf6 27. Nh2 Bg5
28. Nf1 Qb6 29. Rd7 Bxd2 30. Nxd2 Rc3 31. Qb1 Rfc8 32. Ne4 Rc2 33. Rxd6 Qc7 34.
Qb3 Rb2 35. Qd1 Nc3 36. Qg4 f5 37. Qxf5 Rf8 38. Qe6+ Kh8 39. Rc6 Qa7 40. Rxc3
Rbxf2 41. Kh2 Qa2 42. Nxf2 Qxf2 43. Rc8 Qf4+ 44. Kh1 1-0

[Event "Sydney International Open"]
[Site "Parramatta, NSW, Australia"]
[Date "2008.03.27"]
[Round "4.10"]
[White "Hacche, David"]
[Black "Antic, Dejan"]
[Result "0-1"]
[WhiteElo "2182"]
[BlackElo "2476"]
[Annotator "www.chessaustralia.com.au"]
[PlyCount "72"]
[EventDate "2008.03.27"]
[EventType "game"]
[EventRounds "9"]
[EventCountry "AUS"]
[Source "ACE"]

1. d4 Nf6 2. Nf3 g6 3. Bf4 Bg7 4. e3 d6 5. h3 O-O 6. Nbd2 Nbd7 7. Bc4 b6 8. O-O
Bb7 9. c3 c5 10. Qe2 a6 11. a4 cxd4 12. cxd4 Nd5 13. Bxd5 Bxd5 14. e4 Bb7 15.
Bg3 Rc8 16. Rfe1 Nf6 17. e5 dxe5 18. dxe5 Nd5 19. Ne4 Qd7 20. Rad1 Qc6 21. Rd4
Qc2 22. Qd2 Qxd2 23. Nexd2 Rc2 24. Rb1 Rfc8 25. Nb3 a5 26. Ne1 R2c4 27. Rbd1 e6
28. Rxc4 Rxc4 29. Rd4 Rc8 30. Rd1 Rc4 31. Rd4 Rc7 32. Rd1 Bc6 33. Ra1 Bd7 34.
Nd2 Bh6 35. Ndf3 Rc4 36. b3 Rb4 0-1

[Event "Sydney International Open"]
[Site "Parramatta, NSW, Australia"]
[Date "2008.03.27"]
[Round "5.3"]
[White "Hafizul, Mas"]
[Black "Johansen, Darryl"]
[Result "1/2-1/2"]
[WhiteElo "2382"]
[BlackElo "2475"]
[Annotator "www.chessaustralia.com.au"]
[PlyCount "98"]
[EventDate "2008.03.27"]
[EventType "game"]
[EventRounds "9"]
[EventCountry "AUS"]
[Source "ACE"]

1. d4 d5 2. Nf3 Nf6 3. Bf4 c5 4. c3 Qb6 5. Qb3 Nc6 6. Qxb6 axb6 7. Bc7 Nd7 8.
Na3 f6 9. Nb5 e6 10. g3 Kf7 11. h4 Na7 12. e3 c4 13. Nd6+ Bxd6 14. Bxd6 Nc6 15.
e4 b5 16. Nd2 Ra6 17. Bc7 f5 18. f3 Nf6 19. exf5 exf5 20. b3 Be6 21. a4 b4 22.
cxb4 Nxb4 23. Rc1 Rc6 24. Ba5 cxb3 25. Nxb3 Rxc1+ 26. Nxc1 Nc2+ 27. Kf2 Nxd4
28. Bb6 Rc8 29. Bd3 Nc6 30. Ne2 Nd7 31. Be3 Nde5 32. Bb5 Nc4 33. Bf4 Na7 34.
Nd4 Nxb5 35. axb5 Ra8 36. Re1 Bd7 37. Bg5 Re8 38. Ra1 Ne5 39. Ra3 Bc8 40. Bf4
Nc4 41. Ra7 h6 42. Ra2 Kf6 43. Re2 Rxe2+ 44. Kxe2 g5 45. hxg5+ hxg5 46. Bc7 Bd7
47. b6 Ne5 48. Bd8+ Kg6 49. Bc7 Kf6 1/2-1/2

[Event "Sydney International Open"]
[Site "Parramatta, NSW, Australia"]
[Date "2008.03.27"]
[Round "5.4"]
[White "Malakhato, Vadim"]
[Black "Smith, Robert"]
[Result "1-0"]
[WhiteElo "2600"]
[BlackElo "2333"]
[Annotator "www.chessaustralia.com.au"]
[PlyCount "139"]
[EventDate "2008.03.27"]
[EventType "game"]
[EventRounds "9"]
[EventCountry "AUS"]
[Source "ACE"]

1. d4 d5 2. c4 c6 3. Nc3 Nf6 4. Nf3 g6 5. cxd5 cxd5 6. Bf4 Nc6 7. e3 a6 8. h3
Bg7 9. Bd3 O-O 10. O-O Bf5 11. Bxf5 gxf5 12. Ne5 Rc8 13. Nd3 e6 14. Qe2 Nd7 15.
Rfc1 Re8 16. Rc2 Ne7 17. Rac1 Ng6 18. Bh2 Bf8 19. Na4 Rxc2 20. Rxc2 e5 21. dxe5
Ngxe5 22. Bg3 d4 23. exd4 Nc6 24. Qd1 Nxd4 25. Rd2 Bg7 26. Nf4 Nb6 27. Nxb6
Qxb6 28. Kh2 Ne6 29. Nd5 Qc5 30. Qb1 Nd4 31. Nf4 Qe7 32. Qd1 Rd8 33. Rd3 Ne6
34. b3 Rxd3 35. Qxd3 Nd4 36. Qc4 Nc6 37. Qd3 Nd4 38. Qc4 Nc6 39. Qd5 Qe5 40.
Nh5 Qe6 41. Qd3 Bd4 42. Qd2 h6 43. Bf4 Kh7 44. Ng3 Be5 45. Bxe5 Qxe5 46. Qd7
Ne7 47. Qxb7 a5 48. Qf3 f4 49. Qe4+ Ng6 50. Qxe5 Nxe5 51. Ne2 Nd3 52. Nd4 Kg6
53. a3 Nc5 54. b4 axb4 55. axb4 Nd7 56. g3 fxg3+ 57. Kxg3 Kf6 58. f4 Nb6 59.
Kf3 Nd5 60. b5 h5 61. Ke4 Nb6 62. Ne2 Ke6 63. Ng3 h4 64. Nf5 Nc8 65. Nd4+ Kd6
66. Nf3 Ke6 67. Ng5+ Kf6 68. Kf3 Kg6 69. Kg4 f5+ 70. Kxh4 1-0

[Event "Sydney International Open"]
[Site "Parramatta, NSW, Australia"]
[Date "2008.03.27"]
[Round "5.6"]
[White "Perena, Catherine"]
[Black "Jones, Gawain"]
[Result "0-1"]
[WhiteElo "2234"]
[BlackElo "2562"]
[Annotator "www.chessaustralia.com.au"]
[PlyCount "62"]
[EventDate "2008.03.27"]
[EventType "game"]
[EventRounds "9"]
[EventCountry "AUS"]
[Source "ACE"]

1. d4 Nf6 2. c4 g6 3. Nf3 Bg7 4. g3 O-O 5. Bg2 d6 6. O-O Nbd7 7. Nc3 e5 8. dxe5
dxe5 9. Qc2 c6 10. b3 Re8 11. e4 a6 12. Bb2 b5 13. Rad1 Qb6 14. cxb5 axb5 15.
a4 bxa4 16. Nxa4 Qb4 17. Nd2 Ba6 18. Rfe1 h5 19. Bc3 Qe7 20. Nb2 h4 21. Ndc4
Reb8 22. Na5 Bb5 23. Bf1 Qe6 24. Nbc4 Bf8 25. Qb2 hxg3 26. hxg3 Rxa5 27. Nxa5
Bxf1 28. Kxf1 Qh3+ 29. Ke2 Nxe4 30. Rxd7 Qxd7 31. Bxe5 Rd8 0-1

[Event "Sydney International Open"]
[Site "Parramatta, NSW, Australia"]
[Date "2008.03.27"]
[Round "5.10"]
[White "Hessler, Carl"]
[Black "Bitansky, Igor"]
[Result "0-1"]
[WhiteElo "2147"]
[BlackElo "2424"]
[Annotator "www.chessaustralia.com.au"]
[PlyCount "60"]
[EventDate "2008.03.27"]
[EventType "game"]
[EventRounds "9"]
[EventCountry "AUS"]
[Source "ACE"]

1. e4 g6 2. Nf3 Bg7 3. c3 d6 4. Bd3 Nf6 5. O-O O-O 6. Re1 e5 7. Bc2 Nc6 8. d3
Nh5 9. Nbd2 f5 10. exf5 Bxf5 11. h3 Nf4 12. Kh2 Nxd3 13. Bxd3 Bxd3 14. Qb3+ Kh8
15. Qxb7 Qd7 16. Qb3 d5 17. c4 Bxc4 18. Nxc4 Rad8 19. Qd1 Qf5 20. Ne3 Qf4+ 21.
Kh1 e4 22. Ng4 Qf5 23. Nh4 Qh5 24. g3 Nd4 25. Bd2 g5 26. Ne5 Qxd1 27. Nhg6+
hxg6 28. Nxg6+ Kg8 29. Rexd1 Rf7 30. h4 Rxf2 0-1